000 00616nam a2200181Ia 4500
008 151018s9999 xx 000 0 und d
082 _bRBASDV47130
_a891.433
100 _aविभा राजी
245 _aइसी देश के इसी शहर में
250 _b1
260 _bउद्गम प्रकाशन
_c2008
300 _a200
600 _aविभा राजी
630 _aइसी देश के इसी शहर में
700 _aविभा राजी
730 _aइसी देश के इसी शहर में
942 _cBOOK
999 _c1046278
_d1046275